000 01644 a2200253 4500
001 49783
005 20260407155758.0
008 260407a1996 arg spa d
003 AR-UNSa-BCEJYS
040 _aAR-UNSa-BCEJYS
_bspa
_cAR-UNSa-BCEJYS
080 _a504.064
_xControl de la calidad del medio ambiente. Control de la contaminación (Tratamiento de desechos( residuos). Reciclaje )
245 1 0 _aGestión de residuos tóxicos
_ptratamiento, eliminación y recuperación de suelos
020 _a84-481-0712-8
264 1 _aMadrid :
_bMcGraw-Hill
_c1996
300 _axxix, 1316 p.
_c25 cm.
505 _aPARTE I: Fundamentos: 1. Residuos tóxicos - 2. El procedimiento regulador - 3. Procesos fundamentales - 4. Destino y transporte de sustancias contaminantes - 5. Toxicología - PARTE II: Prácticas habituales de gestión: 6. Auditorias medioambientales - 7. Prevención de la contaminación - 8. Desarrollo y operatividad de las instalaciones - PARTE III: Métodos de tratamiento y eliminación - 10. Métodos biológicos - 11. Estabilización y solidificación - 12. Métodos térmicos - 13. Disposición en el terreno - PARTE IV: Recuperación del emplazamiento: 14. Valoración cuantitativa del riesgo - 15. Caracterización del emplazamiento y del subsuelo - 16. Confinamiento - 17. Análisis de alternativas de recuperación.
041 _aspa
942 _cBK
590 _aniveau_biblio:m niveau_hierar:0
100 1 _aLaGrega, Michael D.
700 1 _aBuckingham, Phillip L.
700 1 _aEvans, Jeffrey C.
856 4 1 _uhttps://www.biblioeco.unsa.edu.ar/pmb/images/libros/L128174.jpg
_yImagen de portada
_qimage/jpeg
999 _c4878
_d4878